| 000 | 005530000a22001810004500 | ||
|---|---|---|---|
| 003 | MACL | ||
| 005 | 20160402125551.0 | ||
| 008 | 160402b xxu||||| |||| 00| 0 eng d | ||
| 040 |
_aMACL _cMACL |
||
| 041 | _aHindi | ||
| 082 | _a333 | ||
| 100 |
_aभाटिया सुदर्शन _917524 |
||
| 245 | _aग्लोबल वार्मिंग | ||
| 260 |
_aनई दिल्ली _bहोलीडे बुक स्टोर _c2009 |
||
| 350 | _a195 | ||
| 650 |
_aपर्यावरण _936465 |
||
| 942 |
_cHIN _k333 _2ddc |
||
| 999 |
_c46254 _d46254 |
||